000 00498nam a2200205Ia 4500
005 20240823045837.0
008 240823s9999||||xx |||||||||||||| ||und||
020 _a81-7273-314-3
041 _aENGLISH
082 _A370.733 P9
100 _aSunita Joshi
245 0 _aMicro Teaching A Practical Approach
250 _a1st
260 _c2009
_bAuthors
_aDelhi
500 _aYES
650 _aMicro Teaching
_bManagement Studies
700 _a Abha Sharma
942 _cBK
999 _c215891
_d215891